RIVERS of Malaysia
| Format: | Book |
|---|---|
| Published: |
Petaling Jaya, Selangor :
Design Dimension ,
1992
|
| Subjects: |
MARC
| LEADER | 00000cam a2200000 7i4500 | ||
|---|---|---|---|
| 001 | 0000000246 | ||
| 005 | 20000724.0 | ||
| 020 | 0 | 0 | |a 983872002X |
| 090 | 0 | 0 | |a 551.483595 |b RIV 1992 |
| 245 | 0 | 0 | |a RIVERS of Malaysia |
| 260 | 0 | 0 | |a Petaling Jaya, Selangor : |b Design Dimension , |c 1992 |
| 300 | |a 184 p. : |b col. ill., maps ; |c 29 cm. | ||
| 650 | 0 | 0 | |a Rivers |z Malaysia |
| 651 | 0 | 0 | |a Malaysia |x Rivers |
| 999 | |a 0000001457 |b Monograph |c Open Shelf |e Default branch | ||